Democracy in Japan / (Record no. 12841)

000 -LEADER
fixed length control field 00553cam a2200193 a 4500
020 ## - INTERNATIONAL STANDARD BOOK NUMBER
ISBN 0822936089
020 ## - INTERNATIONAL STANDARD BOOK NUMBER
ISBN 0822954141 (pbk.)
040 ## - CATALOGING SOURCE
Transcribing agency DLC
082 00 - DEWEY DECIMAL CLASSIFICATION NUMBER
Classification number 306 UNI 1989 A020 Or.
245 00 - TITLE STATEMENT
Title Democracy in Japan /
260 ## - PUBLICATION, DISTRIBUTION, ETC. (IMPRINT)
Place of publication Pittsburgh, Pa :
Name of publisher University of Pittsburgh Press,
Year of publication c1989.
300 ## - PHYSICAL DESCRIPTION
Number of Pages x, 354 p. :
Other physical details ill. ;
Dimensions 24 cm.
650 #0 - SUBJECT ADDED ENTRY--TOPICAL TERM
Topical Term Political culture
650 #0 - SUBJECT ADDED ENTRY--TOPICAL TERM
Topical Term Democracy.
700 1# - ADDED ENTRY--PERSONAL NAME
Personal name Ishida, Takeshi,
700 1# - ADDED ENTRY--PERSONAL NAME
Personal name Krauss, Ellis S.
856 42 - ELECTRONIC LOCATION AND ACCESS
Uniform Resource Identifier http://www.loc.gov/catdir/enhancements/fy0743/88028057-d.html
942 ## - ADDED ENTRY ELEMENTS (KOHA)
Koha item type សៀវភៅភាសាអង់គ្លេស
952 ## - LOCATION AND ITEM INFORMATION (KOHA)
Withdrawn status [LOCAL, KOHA] 0
Holdings
Permanent Location Date acquired Koha item type Lost status Shelving location Barcode Current Location Full call number
Library Block A2017-08-17សៀវភៅភាសាអង់គ្លេស A020A18834Library Block A306 UNI 1989 A020 Or.
មជ្ឈមណ្ឌលឯការនៃសាកលវិទ្យាល័យភូមិន្ទកសិកម្មចំការដូង

Powered by Koha